Govt. of
Madhya Pradesh

मध्‍यप्रदेश सम्‍पूर्ण अध्‍ययन (Record no. 65124)

MARC details
000 -LEADER
fixed length control field 00360nam a2200109Ia 4500
008 - FIXED-LENGTH DATA ELEMENTS--GENERAL INFORMATION
fixed length control field 221009s9999 xx 000 0 und d
082 ## - DEWEY DECIMAL CLASSIFICATION NUMBER
Classification number 001
100 ## - MAIN ENTRY--PERSONAL NAME
Personal name डॉ शादाब अहमद सिददीकी
9 (RLIN) 31587
245 #0 - TITLE STATEMENT
Title मध्‍यप्रदेश सम्‍पूर्ण अध्‍ययन
260 ## - PUBLICATION, DISTRIBUTION, ETC. (IMPRINT)
Name of publisher, distributor, etc. उपकार
942 ## - ADDED ENTRY ELEMENTS (KOHA)
Koha item type Books

No items available.